• 首页
  • 本馆介绍
  • 公告通知
  • 最新文献
  • 馆藏检索
  • 电子资源
  • 读者导购
  • 参考咨询
  • 我的图书馆
  • 登录
  • 详细信息显示
  • 放入我的书架
  • 预约/预借图书
  • 作者相关作品
  • 分类相关作品
  • 丛书相关作品
  • 出版社相关作品

书目信息

  • 表格格式
  • 工作单格式
  • 卡片格式
题名:
新课标初中英语词汇精解
    
 
作者: 高凌 主编
分册:  
出版信息: 北京   世界知识出版社  2006
页数: 505页
开本: 21cm
丛书名:
单 册:
中图分类: G634.413
科图分类:
主题词: 英语--词汇--初中--教学参考资料 , 英语
电子资源:
ISBN: 7-5012-2975-9
000 00733nam0 2200241 450
000 00827nam0 2200241 450
000 00756nam0 2200217 450
000 00720oam2 2200205 45
005 20070802160350.90
010    @a7-5012-2975-9@dCNY22.00
100    @a20070730d2006 em y0chiy0120 ea
101 2  @achi@aeng
102    @aCN@b110000
105    @ay z 000yy
200 1  @a新课标初中英语词汇精解@AXin Ke Biao Chu Zhong Ying Yu Ci Hui Jing Jie@f高凌主编@FGao Ling Zhu Bian
210    @a北京@c世界知识出版社@d2006
215    @a505页@d21cm
606 0  @a英语@x词汇@x初中@j教学参考资料
606 0  @a英语
690    @aG634.413@v4
701  0 @a高凌@AGao Ling@4主编
801  0 @aCN@bTAOJIN@c20070802
905    @a10447@dG634.413@e1027
    
    新课标初中英语词汇精解/高凌主编.-北京:世界知识出版社,2006
    505页;21cm
    
    
    ISBN 7-5012-2975-9:CNY22.00
    
●
相关链接 在E读中查询图书 在五车中查询图书 在当当中查询图书 在豆瓣中查询图书


正题名:新课标初中英语词汇精解     索取号:G634.413/1027         预约/预借

序号 登录号 条形码 馆藏地/架位号 状态 备注
1 0826643   208266437   第一样本阅览室/ [索取号:G634.413/1027] 在馆    
2 0826644   208266446   第四借阅区/ [索取号:G634.413/1027] 在馆    
3 0826645   208266455   第四借阅区/ [索取号:G634.413/1027] 在馆    
4 0826646   208266464   第四借阅区/ [索取号:G634.413/1027] 在馆    
5 0826647   208266473   第四借阅区/ [索取号:G634.413/1027] 在馆    
唐山师范学院图书馆 欢迎您!
大连网信软件有限公司© 版权所有